Statistics for Montana Counties Quiz

Click here to take the quiz!

General Stats

  • This quiz has been taken 2,899 times
    (2,884 since last reset)
  • The average score is 27 of 56

Answer Stats

County % Correct
Missoula
77%
Yellowstone
74%
Lincoln
71%
Jefferson
71%
Glacier
68%
Flathead
64%
Lewis and Clark
64%
Madison
63%
Gallatin
63%
Silver Bow
60%
Beaverhead
60%
Big Horn
57%
Deer Lodge
56%
Custer
55%
Lake
54%
Park
52%
Cascade
51%
Teton
51%
Carbon
50%
Hill
49%
Ravalli
49%
Mineral
48%
Fergus
47%
Blaine
47%
Rosebud
46%
Sanders
46%
Sweet Grass
46%
Roosevelt
46%
Valley
46%
Stillwater
45%
Chouteau
45%
Granite
44%
Powell
44%
Garfield
44%
Carter
43%
Broadwater
43%
Sheridan
43%
Dawson
42%
Petroleum
41%
Toole
40%
Pondera
40%
Judith Basin
40%
Liberty
39%
Daniels
39%
Golden Valley
39%
Wibaux
39%
Powder River
38%
Phillips
38%
Meagher
38%
Treasure
38%
Musselshell
37%
Wheatland
36%
Richland
34%
Fallon
34%
McCone
33%
Prairie
31%

Score Distribution

Percentile by Number Answered

Percent of People with Each Score

Your Score History

You have not taken this quiz since the last reset